Detalles MARC
| 000 -CABECERA |
| fixed length control field |
02762nam a2200517 a 4500 |
| 003 - CONTROL NUMBER IDENTIFIER |
| control field |
AR-BeUNQ |
| 005 - FECHA Y HORA DE LA ULTIMA TRANSACCION |
| control field |
20220224182346.0 |
| 008 - ELEMENTOS DE LONGITUD FIJA-INFORMACION GENERAL |
| fixed length control field |
170314s2014 ag ao 000 0 spa d |
| 020 ## - NUMERO INTERNACIONAL NORMALIZADO PARA LIBROS |
| Número Internacional Normalizado del libro |
9789870605881 |
| 040 ## - FUENTE DE CATALOGACION |
| Agencia de catalogación original |
AR-BeUNQ |
| Idioma de catalogación |
ESPAÑOL |
| 082 04 - NUMERO DE CLASIFICACION DECIMAL DEWEYMBER |
| Número de la edición |
21 |
| Número de clasificación |
323 |
| 245 00 - MENCION DE TITULO |
| Título |
Ciudadanía : |
| Otra información sobre el título |
derechos humanos / |
| Mención de responsabilidad, etc |
Gustavo Schujman... [et al.]. |
| 260 ## - PUBLICACION, DISTRIBUCION, ETC. |
| Lugar de publicación, distribución, etc. |
Buenos Aires : |
| Nombre del editor, distribuidor, etc. |
Aique, |
| Fecha de publicación, distribución, etc |
i2014. |
| 300 ## - DESCRIPCION FISICA |
| Extensión |
155 p. : |
| Otros detalles físicos |
il., fot. ; |
| Dimensiones |
23 cm. |
| 504 ## - NOTA DE BIBLIOGRAFIA, ETC. |
| Nota de bibliografía, etc. |
Bibliografía: p. [157-158]. |
| 505 0# - NOTA DE CONTENIDO |
| Nota de contenido con formato preestablecido |
La ciudadanía -- Derechos humanos para todos los seres humanos -- Los derechos políticos: el desafío de la inclusión -- Los derechos civiles -- Derechos económicos, sociales y culturales -- El problema de la discriminación -- Las violaciones a los derechos humanos en la Argentina -- Justicia y memoria en democracia -- Los derechos humanos y las nuevas constituciones de América Latina |
| 650 #7 - ASIENTO SECUNDARIO DE MATERIA - TERMINO TEMATICO |
| Término temático o nombre geográfico como elemento de entrada |
Derechos humanos |
| Fuente del encabezamiento o términ |
spines |
| 650 #7 - ASIENTO SECUNDARIO DE MATERIA - TERMINO TEMATICO |
| Término temático o nombre geográfico como elemento de entrada |
Historia |
| Fuente del encabezamiento o términ |
spines |
| 650 #7 - ASIENTO SECUNDARIO DE MATERIA - TERMINO TEMATICO |
| Término temático o nombre geográfico como elemento de entrada |
Derechos cívicos |
| Fuente del encabezamiento o términ |
spines |
| 650 #7 - ASIENTO SECUNDARIO DE MATERIA - TERMINO TEMATICO |
| Término temático o nombre geográfico como elemento de entrada |
Libertades civiles |
| Fuente del encabezamiento o términ |
spines |
| 650 #7 - ASIENTO SECUNDARIO DE MATERIA - TERMINO TEMATICO |
| Término temático o nombre geográfico como elemento de entrada |
Derecho a la cultura |
| Fuente del encabezamiento o términ |
spines |
| 650 #7 - ASIENTO SECUNDARIO DE MATERIA - TERMINO TEMATICO |
| Término temático o nombre geográfico como elemento de entrada |
Derecho a la educación |
| Fuente del encabezamiento o términ |
spines |
| 650 #7 - ASIENTO SECUNDARIO DE MATERIA - TERMINO TEMATICO |
| Término temático o nombre geográfico como elemento de entrada |
Discriminación cultural |
| Fuente del encabezamiento o términ |
spines |
| 650 #7 - ASIENTO SECUNDARIO DE MATERIA - TERMINO TEMATICO |
| Término temático o nombre geográfico como elemento de entrada |
Represión |
| Fuente del encabezamiento o términ |
spines |
| 650 #7 - ASIENTO SECUNDARIO DE MATERIA - TERMINO TEMATICO |
| Término temático o nombre geográfico como elemento de entrada |
Dictadura |
| Fuente del encabezamiento o términ |
spines |
| 650 #7 - ASIENTO SECUNDARIO DE MATERIA - TERMINO TEMATICO |
| Término temático o nombre geográfico como elemento de entrada |
Terrorismo de estado |
| Fuente del encabezamiento o términ |
tha |
| 650 #7 - ASIENTO SECUNDARIO DE MATERIA - TERMINO TEMATICO |
| Término temático o nombre geográfico como elemento de entrada |
Juicios a militares |
| Fuente del encabezamiento o términ |
tha |
| 651 #7 - ASIENTO SECUNDARIO DE MATERIA - NOMBRE GEOGRAFICO |
| Nombre geográfico |
Argentina |
| Fuente del encabezamiento o término |
spines |
| 651 #7 - ASIENTO SECUNDARIO DE MATERIA - NOMBRE GEOGRAFICO |
| Nombre geográfico |
América Latina |
| Fuente del encabezamiento o término |
toit |
| 700 1# - ASIENTO SECUNDARIO - NOMBRE DE PERSONA |
| Personal name |
Schujman, Gustavo |
| 700 1# - ASIENTO SECUNDARIO - NOMBRE DE PERSONA |
| Personal name |
Carnovale, Vera |
| 700 1# - ASIENTO SECUNDARIO - NOMBRE DE PERSONA |
| Personal name |
Clerico, Laura |
| 700 1# - ASIENTO SECUNDARIO - NOMBRE DE PERSONA |
| Personal name |
Aldao, Martín |
| 700 1# - ASIENTO SECUNDARIO - NOMBRE DE PERSONA |
| Personal name |
Palumbo, Gabriel |
| 929 ## - DATOS DE ADQUISICION |
| Procedencia |
COMPRA |
| Proveedor |
Stratford Book Services |
| Orden de compra |
2a compra 2016 Exp. 827-0946/16 |
| Precio |
140,00 |
| Fecha de recibido |
20170201 |
| Patrimonio UNQ |
PAT0066347 |
| Número de inventario |
55502 |
| 929 ## - DATOS DE ADQUISICION |
| Procedencia |
COMPRA |
| Proveedor |
Stratford Book Services |
| Orden de compra |
2a compra 2016 Exp. 827-0946/16 |
| Precio |
140,00 |
| Fecha de recibido |
20170201 |
| Patrimonio UNQ |
PAT0066348 |
| Número de inventario |
55503 |
| 929 ## - DATOS DE ADQUISICION |
| Procedencia |
COMPRA |
| Proveedor |
Stratford Book Services |
| Orden de compra |
2a compra 2016 Exp. 827-0946/16 |
| Precio |
140,00 |
| Fecha de recibido |
20170201 |
| Patrimonio UNQ |
PAT0066349 |
| Número de inventario |
55504 |
| 929 ## - DATOS DE ADQUISICION |
| Procedencia |
COMPRA |
| Proveedor |
Stratford Book Services |
| Orden de compra |
2a compra 2016 Exp. 827-0946/16 |
| Precio |
140,00 |
| Fecha de recibido |
20170201 |
| Patrimonio UNQ |
PAT0066350 |
| Número de inventario |
55505 |
| 929 ## - DATOS DE ADQUISICION |
| Procedencia |
COMPRA |
| Proveedor |
Stratford Book Services |
| Orden de compra |
2a compra 2016 Exp. 827-0946/16 |
| Precio |
140,00 |
| Fecha de recibido |
20170201 |
| Patrimonio UNQ |
PAT0066351 |
| Número de inventario |
55506 |
| 929 ## - DATOS DE ADQUISICION |
| Procedencia |
COMPRA |
| Proveedor |
Stratford Book Services |
| Orden de compra |
2a compra 2016 Exp. 827-0946/16 |
| Precio |
140,00 |
| Fecha de recibido |
20170201 |
| Patrimonio UNQ |
PAT0066352 |
| Número de inventario |
55540 |
| 929 ## - DATOS DE ADQUISICION |
| Procedencia |
COMPRA |
| Proveedor |
Stratford Book Services |
| Orden de compra |
2a compra 2016 Exp. 827-0946/16 |
| Precio |
140,00 |
| Fecha de recibido |
20170201 |
| Patrimonio UNQ |
PAT0066353 |
| Número de inventario |
55541 |
| 929 ## - DATOS DE ADQUISICION |
| Procedencia |
COMPRA |
| Proveedor |
Stratford Book Services |
| Orden de compra |
2a compra 2016 Exp. 827-0946/16 |
| Precio |
140,00 |
| Fecha de recibido |
20170201 |
| Patrimonio UNQ |
PAT0066354 |
| Número de inventario |
55542 |
| 929 ## - DATOS DE ADQUISICION |
| Procedencia |
COMPRA |
| Proveedor |
Stratford Book Services |
| Orden de compra |
2a compra 2016 Exp. 827-0946/16 |
| Precio |
140,00 |
| Fecha de recibido |
20170201 |
| Patrimonio UNQ |
PAT0066355 |
| Número de inventario |
55543 |
| 929 ## - DATOS DE ADQUISICION |
| Procedencia |
COMPRA |
| Proveedor |
Stratford Book Services |
| Orden de compra |
2a compra 2016 Exp. 827-0946/16 |
| Precio |
140,00 |
| Fecha de recibido |
20170201 |
| Patrimonio UNQ |
PAT0066356 |
| Número de inventario |
55544 |
| 942 ## - ELEMENTOS DE PUNTO DE ACCESO ADICIONAL (KOHA) |
| Tipo de ítem Koha |
Libros |
| Suppress in OPAC |
0 |